COMESA News (Record no. 79491)

MARC details
000 -LEADER
fixed length control field 01572nam a2200241 a 4500
008 - FIXED-LENGTH DATA ELEMENTS--GENERAL INFORMATION
fixed length control field 130717s2009 ||||||||||||||||| || u
050 ## - LIBRARY OF CONGRESS CALL NUMBER
Classification number COMESA(05)
110 ## - MAIN ENTRY--CORPORATE NAME
Corporate name or jurisdiction name as entry element Common Market for Eastern and Southern Africa (COMESA)
245 10 - TITLE STATEMENT
Title COMESA News
Statement of responsibility, etc. by Common Market for Eastern and Southern Africa [COMESA]
260 ## - PUBLICATION, DISTRIBUTION, ETC.
Place of publication, distribution, etc. Lusaka:
Name of publisher, distributor, etc. Common Market for Eastern and Southern Africa (COMESA)
Date of publication, distribution, etc. 2009
300 ## - PHYSICAL DESCRIPTION
Extent [ii], 42p.: ill.
362 1# -
-- <p>January 2009, Vol. 5; April 2009, Vol. 6</p>
490 ## -
-- COMESA News
490 ## -
-- Vol. 5
650 ## - SUBJECT ADDED ENTRY--TOPICAL TERM
Topical term or geographic name entry element COMMON MARKET FOR EASTERN AND SOUTHERN AFRICA--NEWS
650 ## - SUBJECT ADDED ENTRY--TOPICAL TERM
Topical term or geographic name entry element COMMON MARKET FOR EASTERN AND SOUTHERN AFRICA (COMESA)--PERIODICALS
995 ## -
-- SPECIAL COLLECTIONS
-- 868
-- CBU-MAIN LIBRARY (Kitwe)
-- COMESA(05)N/2009/5B
-- 2
-- AVAILABLE
-- Aug 6, 2013
-- B868
-- International Publications
995 ## -
-- SPECIAL COLLECTIONS
-- 869
-- CBU-MAIN LIBRARY (Kitwe)
-- COMESA(05)N/2009/5C
-- 3
-- AVAILABLE
-- Aug 6, 2013
-- B869
-- International Publications
995 ## -
-- SPECIAL COLLECTIONS
-- 870
-- CBU-MAIN LIBRARY (Kitwe)
-- COMESA(05)N/2009/5D
-- 4
-- AVAILABLE
-- Aug 6, 2013
-- B870
-- International Publications
995 ## -
-- SPECIAL COLLECTIONS
-- 867
-- CBU-MAIN LIBRARY (Kitwe)
-- COMESA(05)N/2009/5A
-- 1
-- AVAILABLE
-- Aug 6, 2013
-- B867
-- International Publications
995 ## -
-- SPECIAL COLLECTIONS
-- 871
-- CBU-MAIN LIBRARY (Kitwe)
-- COMESA(05)N/2009/5E
-- 5
-- AVAILABLE
-- Aug 6, 2013
-- B871
-- International Publications
995 ## -
-- SPECIAL COLLECTIONS
-- 812
-- CBU-MAIN LIBRARY (Kitwe)
-- COMESA(05)N/2009/6
-- 6
-- AVAILABLE
-- Sep 6, 2013
-- B812
-- International Publications
999 ## -
-- 79491
-- 79491
Holdings
Withdrawn status Lost status Source of classification or shelving scheme Damaged status Not for loan Permanent Location Current Location Shelving location Date acquired Total Checkouts Full call number Barcode Date last seen Copy number Price effective from Koha item type
          CBU-MAIN LIBRARY, KITWE. CBU-MAIN LIBRARY, KITWE.   06/29/2023   COMESA(05)N/2009/5B B868 06/29/2023 1 06/29/2023 SPECIAL COLLECTION
          CBU-MAIN LIBRARY, KITWE. CBU-MAIN LIBRARY, KITWE.   06/29/2023   COMESA(05)N/2009/5C B869 06/29/2023 2 06/29/2023 SPECIAL COLLECTION
          CBU-MAIN LIBRARY, KITWE. CBU-MAIN LIBRARY, KITWE.   06/29/2023   COMESA(05)N/2009/5D B870 06/29/2023 3 06/29/2023 SPECIAL COLLECTION
          CBU-MAIN LIBRARY, KITWE. CBU-MAIN LIBRARY, KITWE.   06/29/2023   COMESA(05)N/2009/5A B867 06/29/2023 4 06/29/2023 SPECIAL COLLECTION
          CBU-MAIN LIBRARY, KITWE. CBU-MAIN LIBRARY, KITWE.   06/29/2023   COMESA(05)N/2009/5E B871 06/29/2023 5 06/29/2023 SPECIAL COLLECTION
          CBU-MAIN LIBRARY, KITWE. CBU-MAIN LIBRARY, KITWE.   06/29/2023   COMESA(05)N/2009/6 B812 06/29/2023 6 06/29/2023 SPECIAL COLLECTION